| Tag |
First Indicator |
Second Indicator |
Subfields |
| LEADER |
00000cam a2200000 a 4500 |
| 001 |
in00000366341 |
| 005 |
20151011080938.0 |
| 008 |
821027s1982 enka b 0010 eng |
| 010 |
|
|
|a 82166301
|
| 019 |
|
|
|a 8421067
|a 9895605
|
| 020 |
|
|
|a 0198545509
|
| 020 |
|
|
|a 0198545517 (pbk.)
|
| 035 |
|
|
|a (OCoLC)08952950
|
| 035 |
|
|
|9 ABP8803AM
|
| 040 |
|
|
|a DLC
|c DLC
|d TXA
|d UtOrBLW
|
| 049 |
|
|
|a TXAM
|c [934621]
|
| 050 |
0 |
0 |
|a QP398
|b .M17 1982
|
| 060 |
0 |
0 |
|a QL 785
|b M172b 1982
|
| 069 |
0 |
|
|a 8307595
|
| 082 |
0 |
|
|a 596/.0188
|2 19
|
| 100 |
1 |
|
|a Macphail, E. M.
|q (Euan M.)
|
| 245 |
1 |
0 |
|a Brain and intelligence in vertebrates /
|c E.M. Macphail.
|
| 264 |
|
1 |
|a Oxford :
|b Clarendon Press ;
|a New York :
|b Oxford University Press,
|c 1982.
|
| 300 |
|
|
|a viii, 423 pages :
|b illustrations ;
|c 25 cm.
|
| 336 |
|
|
|a text
|b txt
|2 rdacontent
|
| 337 |
|
|
|a unmediated
|b n
|2 rdamedia
|
| 338 |
|
|
|a volume
|b nc
|2 rdacarrier
|
| 490 |
1 |
|
|a Oxford science publications
|
| 504 |
|
|
|a Includes bibliographical references (pages [344]-385) and indexes.
|
| 500 |
|
|
|a Includes indexes.
|
| 650 |
|
0 |
|a Intellect.
|
| 650 |
|
0 |
|a Brain.
|
| 650 |
|
0 |
|a Vertebrates
|x Physiology.
|
| 650 |
|
2 |
|a Anatomy, Comparative.
|
| 650 |
|
2 |
|a Brain
|x anatomy & histology.
|
| 650 |
|
2 |
|a Brain
|x physiology.
|
| 650 |
|
2 |
|a Physiology, Comparative.
|
| 650 |
|
2 |
|a Vertebrates.
|
| 830 |
|
0 |
|a Oxford science publications.
|
| 999 |
|
|
|a MARS
|
| 999 |
f |
f |
|s 7c85764f-6504-3d82-950e-998ce97f08b7
|i 82274448-f98d-3148-b3e5-8b4c0170a361
|t 0
|
| 952 |
f |
f |
|p ric
|a Texas A&M University
|b Rellis Campus
|c Joint Library Facility
|d Remote Storage
|t 0
|e QP398 .M17 1982
|h Library of Congress classification
|i unmediated -- volume
|m A14807437970
|
| 998 |
f |
f |
|a QP398 .M17 1982
|t 0
|l Remote Storage
|